000 00478nam a22001937a 4500
005 20260415191255.0
008 260415b2017 |||||||| |||| 00| 0 eng d
020 _a9788131252598`
040 _aMAIN
041 _aENG
082 _a346.54082
_bLEX/HAL
100 _aLexixNexis.
245 _aHalsbury' laws of India (Vol. 4)
_cby LexisNexis.
250 _a2nd ed.
260 _aHaryana :
_bLexisNexis.
_c2017.
300 _a406 p.
650 _aBaking Law.
942 _cBK
999 _c18699
_d18699